| 000 | 00636nam a2200241Ia 4500 | ||
|---|---|---|---|
| 003 | OSt | ||
| 005 | 20221007101327.0 | ||
| 006 | a|||||r|||| 00| 0 | ||
| 007 | ta | ||
| 008 | 221006b |||||||| |||| 00| 0 eng d | ||
| 024 | _a6,256 | ||
| 037 | _cTextual | ||
| 040 |
_aLCO _cLCO _beng |
||
| 041 |
_2eng _aeng |
||
| 082 | _aX:51:5.8, L7 | ||
| 100 |
_aRICHARDSON J E _9702868 |
||
| 245 | 0 | _aInteroduction to the Australian Trade Practices Act. | |
| 260 |
_aSydney _bHicks Smith & Sons _c1967 |
||
| 300 | _a232 | ||
| 650 | _aTRADE | ||
| 942 |
_hX:51:5.8, L7 _cTEXL |
||
| 999 |
_c1175819 _d1175819 |
||